Eswatini imigracja według państw - Statystyki

Ogólne statystyki
  • Ten quiz został rozwiązany 79 razy
  • Średni wynik to 6 z 10
Statystyki odpowiedzi
Ludzie Państwo % Poprawnych
13 520 Republika Południowej Afryki
99%
400 Lesotho
83%
11 627 Mozambik
81%
250 Zimbabwe
71%
310 Stany Zjednoczone
70%
760 Demokratyczna Republika Konga
69%
250 Wielka Brytania
60%
400 Rwanda
44%
750 Burundi
31%
520 Somalia
30%
Nie znaleziono quizów pasujących do podanych kryteriów
Rozkład punktacji
Procent ludzi z każdym wynikiem
Percentyl według liczby udzielonych odpowiedzi
Twoja historia wyników
Nie rozwiązałeś tego quizu